1577 1472 1756 1126 1208 1533 1313 1674 1374 1342 1685 1370 1730 1989 1697 1222 1868 1634 1934 1746 1498 1723 1831 1016 1282 1746 1320 1488 1383 1601 1153 1354 1518 1645 1748 1593 1670 1057 1711 1705 1433 1959 1567 1804 1924 1030 1227 1098 1372 1196 1134 1365 1103 1304 1497 1807 1460 1685 1212 1978 1893 1213 1392 1866 1055 1883 1851 1995 1671 1769 1308 1098 1341 1796 1270 1690 1782 1284 1216 1938 1212 1462 1068 1017 1755 1907 1361 1832 1788 1256 1401 1221 1851 1356 1656 1338 1115 1930 1255 BCNSPRNW ULIB Ver.6.0+V

เปลี่ยนเป็นภาษาไทย

Change to English
 แสดงรายละเอียดบรรณานุกรม
  กลับหน้าหลัก

Brief Record : Get Marc (ISO 2709) : E-mail record : QR code < ปิดหน้าต่าง
LEADER : 00000nam 2200000uu 4500
001    13399111643
003     ULIB
008    110704s||||||||th 000 0 tha d
020    9789749477229
020    9749477227
050 04 BQ4570^bว233ธ 2549
100 0  วรภัทร์ ภู่เจริญ
245 10 ธรรมะสอนหญิงที่ชายก็ควรอ่าน /^cวรภัทร์ ภู่เจริญ
250    พิมพ์ครั้งที่ 1
260    กรุงเทพฯ :^bอริยชน,^c2549
300    92 หน้า :^bภาพประกอบ
650  7 ธรรมะกับชีวิตประจำวัน
650  7 สตรี^xการดำเนินชีวิต
945    ^p105^l0^i023136
995    ทศพร
999 ^a ใช้งานได้ทุกระบบ
รายการนี้ยังไม่มีแท็ก
คุณยังไม่ได้ล็อกอิน คุณสามารถมีกิจกรรมร่วมกับเว็บไซต์ได้ แต่ต้องล็อกอินก่อน ::
  ล็อกอิน

รายการสื่อสารสนเทศ

ลำดับที่ ประเภท เลขเรียก/บาร์โค้ด สถานที่ สถานะ
- ไม่พบข้อมูล -

รายการใกล้เคียง
    ผู้แต่ง [วรภัทร์ ภู่เจริญ]

    หัวเรื่อง [ธรรมะกับชีวิตประจำวัน]

BibComment


ยังไม่เคยถูกคอมเมนท์

คอมเมนท์ทรัพยากรรายการนี้
  คอมเมนท์: ธรรมะสอนหญิงที่ชา..


 Copyright 2026. Bcnsprnw @Library